Chặng đường dài đến với tự do; T1
Guardado en:
| Autor principal: | |
|---|---|
| Formato: | Libro |
| Lenguaje: | Undetermined |
| Publicado: |
Tp. HCM
Thanh Niên
1999
|
| Materias: | |
| Etiquetas: |
Agregar Etiqueta
Sin Etiquetas, Sea el primero en etiquetar este registro!
|
| Thư viện lưu trữ: | Trung tâm Học liệu Trường Đại học Cần Thơ |
|---|
| LEADER | 00514nam a2200169Ia 4500 | ||
|---|---|---|---|
| 001 | CTU_35834 | ||
| 008 | 210402s9999 xx 000 0 und d | ||
| 082 | |a 896 | ||
| 082 | |b M271/T1 | ||
| 100 | |a Nelson Mandela | ||
| 245 | 0 | |a Chặng đường dài đến với tự do; T1 | |
| 245 | 0 | |c Nelson Mandela; Dịch giả: Nguyễn Văn Đóa | |
| 260 | |a Tp. HCM | ||
| 260 | |b Thanh Niên | ||
| 260 | |c 1999 | ||
| 650 | |a african literature | ||
| 980 | |a Trung tâm Học liệu Trường Đại học Cần Thơ | ||